| 000 | 00939nam a2200217 a 4500 | ||
|---|---|---|---|
| 008 | 111003s2011 ||||||||||||||||| || u | ||
| 020 | _a9782869783263 | ||
| 050 | _aHC 800 Phi | ||
| 100 | _aKeita, Lansana | ||
| 245 | 1 | 0 |
_aPhilosophy and African development: theory and practice _cedited by Lansana Keita |
| 260 |
_aDakar: _bCODESRIA _c2011 |
||
| 300 | _axviii, 254p.: ill. | ||
| 350 | _a0.00 | ||
| 650 | _aPhilosophy, African | ||
| 650 | 0 | _aECONOMICS | |
| 650 | 0 | _aECONOMIC HISTORY | |
| 650 | _aECONOMIC DEVELOPMENT--SOCIAL ASPECTS--AFRICA | ||
| 650 | _aECONOMIC DEVELOPMENT--AFRICA--PHILOSOPHY | ||
| 995 |
_D0.00 _FCBU-MAIN LIBRARY (Kitwe) _H1 _I0.00 _M1 _UAVAILABLE _WDec 1, 2011 _ZMain Library Open Access Collection |
||
| 995 |
_FCBU-DAG HAMMARSKJOLD INSTITUTE LIBRARY _I0.00 _M2 _UAVAILABLE _WNov 8, 2012 _ZDHIPS Book Collection |
||
| 999 |
_c30648 _d30648 |
||